<?xml version="1.0" encoding="UTF-8"?>
<marc:record xmlns:marc="http://www.loc.gov/MARC21/slim">
   <marc:leader>00000nam a2200000 a 4500</marc:leader>
   <marc:datafield ind1="1" ind2=" " tag="100">
      <marc:subfield code="a">Nykrin, Rudolf</marc:subfield>
      <marc:subfield code="4">cmp</marc:subfield>
      <marc:subfield code="e">Komponist/-in</marc:subfield>
   </marc:datafield>
   <marc:datafield ind1="0" ind2="0" tag="245">
      <marc:subfield code="a">Mit Musik kenn ich mich aus</marc:subfield>
   </marc:datafield>
   <marc:datafield ind1="0" ind2="0" tag="245">
      <marc:subfield code="b">Musikgeschichte - ganz klar ; mit CD</marc:subfield>
   </marc:datafield>
   <marc:datafield ind1="1" ind2=" " tag="490">
      <marc:subfield code="a">Mit Musik kenn ich mich aus</marc:subfield>
      <marc:subfield code="v">5</marc:subfield>
   </marc:datafield>
   <marc:datafield ind1="1" ind2=" " tag="520">
      <marc:subfield code="a">Angaben aus der Verlagsmeldung

Mit Musik kenn ich mich aus : Musikgeschichte – ganz klar. Band 5. Ausgabe mit CD. / von Rudolf Nykrin

Seit vielen Jahren zählt die Reihe Mit Musik kenn ich mich aus zu den Klassikern des Musikunterrichtes. Musikgeschichte – ganz klar setzt diese Erfolgsgeschichte fort: Intuitiv, übersichtlich, in überschaubaren Lerneinheiten wendet sich dieses Werk sich an ein jugendliches Publikum und bringt 1500 Jahre Musikgeschichte in anschaulicher Form zur Darstellung.
</marc:subfield>
   </marc:datafield>
   <marc:datafield ind1=" " ind2=" " tag="020">
      <marc:subfield code="a">9783795708740</marc:subfield>
      <marc:subfield code="9">9783795708740</marc:subfield>
   </marc:datafield>
   <marc:datafield ind1=" " ind2=" " tag="041">
      <marc:subfield code="a">ger</marc:subfield>
   </marc:datafield>
</marc:record>
